<?xml version="1.0" encoding="UTF-8"?>
<collection xmlns="http://www.loc.gov/MARC21/slim">
 <record>
  <leader>01742caa a22003252  4500</leader>
  <controlfield tag="001">1389642410</controlfield>
  <controlfield tag="003">DE-627</controlfield>
  <controlfield tag="005">20220528133148.0</controlfield>
  <controlfield tag="007">tu</controlfield>
  <controlfield tag="008">100305s2007    xx |||||      00| ||ger c</controlfield>
  <datafield tag="035" ind1=" " ind2=" ">
   <subfield code="a">(DE-627)1389642410</subfield>
  </datafield>
  <datafield tag="035" ind1=" " ind2=" ">
   <subfield code="a">(DE-576)319642410</subfield>
  </datafield>
  <datafield tag="035" ind1=" " ind2=" ">
   <subfield code="a">(DE-599)BSZ319642410</subfield>
  </datafield>
  <datafield tag="035" ind1=" " ind2=" ">
   <subfield code="a">(OCoLC)1224197209</subfield>
  </datafield>
  <datafield tag="040" ind1=" " ind2=" ">
   <subfield code="a">DE-627</subfield>
   <subfield code="b">ger</subfield>
   <subfield code="c">DE-627</subfield>
   <subfield code="e">rakwb</subfield>
  </datafield>
  <datafield tag="041" ind1=" " ind2=" ">
   <subfield code="a">ger</subfield>
  </datafield>
  <datafield tag="100" ind1="1" ind2=" ">
   <subfield code="a">Noll, Thomas</subfield>
   <subfield code="d">1962-</subfield>
   <subfield code="0">(DE-588)130140953</subfield>
   <subfield code="0">(DE-627)492502358</subfield>
   <subfield code="0">(DE-576)298021412</subfield>
   <subfield code="4">aut</subfield>
  </datafield>
  <datafield tag="245" ind1="1" ind2="0">
   <subfield code="a">Notizen zur Rezension von Christiane Braun des Buches von Thomas Noll: Alexander der Große in der nachantiken bildenden Kunst; Mainz: Philipp von Zabern 2005, in: Journal für Kunstgeschichte 10, 2006, Heft 4, S. 341-344</subfield>
   <subfield code="c">Thomas Noll</subfield>
  </datafield>
  <datafield tag="264" ind1=" " ind2="1">
   <subfield code="c">2007</subfield>
  </datafield>
  <datafield tag="336" ind1=" " ind2=" ">
   <subfield code="a">Text</subfield>
   <subfield code="b">txt</subfield>
   <subfield code="2">rdacontent</subfield>
  </datafield>
  <datafield tag="337" ind1=" " ind2=" ">
   <subfield code="a">ohne Hilfsmittel zu benutzen</subfield>
   <subfield code="b">n</subfield>
   <subfield code="2">rdamedia</subfield>
  </datafield>
  <datafield tag="338" ind1=" " ind2=" ">
   <subfield code="a">Band</subfield>
   <subfield code="b">nc</subfield>
   <subfield code="2">rdacarrier</subfield>
  </datafield>
  <datafield tag="773" ind1="0" ind2="8">
   <subfield code="i">In</subfield>
   <subfield code="t">Journal für Kunstgeschichte</subfield>
   <subfield code="d">Regensburg : Schnell und Steiner, 1997</subfield>
   <subfield code="g">11(2007), 1, Seite 86-88</subfield>
   <subfield code="w">(DE-627)231976844</subfield>
   <subfield code="w">(DE-600)1388210-7</subfield>
   <subfield code="w">(DE-576)060513845</subfield>
   <subfield code="x">1432-9506</subfield>
   <subfield code="7">nnns</subfield>
  </datafield>
  <datafield tag="773" ind1="1" ind2="8">
   <subfield code="g">volume:11</subfield>
   <subfield code="g">year:2007</subfield>
   <subfield code="g">number:1</subfield>
   <subfield code="g">pages:86-88</subfield>
  </datafield>
  <datafield tag="787" ind1="0" ind2="8">
   <subfield code="i">Rezensiert in</subfield>
   <subfield code="a">Noll, Thomas, 1962 - </subfield>
   <subfield code="t">[Rezension von: Notizen zur Rezension von Christiane Braun des Buches von Thomas Noll: Alexander der Große in der nachantiken bildenden Kunst]</subfield>
   <subfield code="d">2007</subfield>
   <subfield code="w">(DE-627)154773275X</subfield>
   <subfield code="w">(DE-576)477732755</subfield>
  </datafield>
  <datafield tag="787" ind1="0" ind2="8">
   <subfield code="i">Rezensiert in</subfield>
   <subfield code="a">Noll, Thomas, 1962 - </subfield>
   <subfield code="t">[Rezension von: Notizen zur Rezension von Christiane Braun des Buches von Thomas Noll: Alexander der Große in der nachantiken bildenden Kunst]</subfield>
   <subfield code="d">2007</subfield>
   <subfield code="w">(DE-627)154773275X</subfield>
   <subfield code="w">(DE-576)477732755</subfield>
  </datafield>
  <datafield tag="936" ind1="u" ind2="w">
   <subfield code="d">11</subfield>
   <subfield code="j">2007</subfield>
   <subfield code="e">1</subfield>
   <subfield code="h">86-88</subfield>
  </datafield>
  <datafield tag="951" ind1=" " ind2=" ">
   <subfield code="a">AR</subfield>
  </datafield>
  <datafield tag="991" ind1=" " ind2=" ">
   <subfield code="a">Rezensiertes Werk</subfield>
  </datafield>
  <datafield tag="999" ind1=" " ind2=" ">
   <subfield code="a">KXP-PPN1389642410</subfield>
   <subfield code="e">4154312685</subfield>
  </datafield>
 </record>
</collection>
